Science Quiz

Random Science Quiz

GCF and LCM of Algebraic Expressions Quiz Stats

 Plays Quiz not verified by Sporcle

Challenge
Share
Tweet
Embed
Score 0/20 Timer 20:00
0 Plays Today
Problem GCF, LCM % Correct
2xy and 4x^2y^22xy, 4x^2y^2
77.8%
8abc^2 and 18c^3d^4e2c^2, 72abc^3d^4e
33.3%
3e^6f^12g^9 and 10h^2j^11k^41, 30e^6f^12g^9h^2j^11k^4
33.3%
40r^3st^7 and 48r^2s^2t^58r^2st^5, 240r^3s^2t^7
22.2%
27k^2m^2n^4 and 5m^2n^3m^2n^3, 135k^2m^2n^4
22.2%
10fgh and 65f^3h^65fh, 130f^3gh^6
22.2%
6xy, 12x^2y, and 18x^2yz6xy, 36x^2yz
22.2%
20t^3u^10v^5 and 86t^4u^10v^32t^3u^10v^3, 860t^4u^10v^5
11.1%
14q^3r^4s^5t^6 and 36q^2s^3t^42q^2s^3t^4, 252q^3r^4s^5t^6
11.1%
126np^2 and 189n^3p^463np^2, 378n^3p^4
11.1%
Problem GCF, LCM % Correct
32bc^3d and 72b^2c^6d8bc^3d, 288b^2c^6d
11.1%
8q^8r, 11q^2r^3, and 32q^2r^4q^2r,352q^8r^4
11.1%
9g^9hj^3, 27g^3h^3j^3,and 54ghj9ghj,54g^9h^3j^3
11.1%
18t^8y^5, 16t^5y^8, and 32t^7y^72t^5y^5,288t^8y^8
11.1%
27d^3ef^2, 24g^4h, and 21i^9j3,1512d^3ef^2g^4hi^9j
11.1%
42up^2, 56u^5p^3, and 168u^3p^414up^2,168u^5p^4
11.1%
48k^7m^9, 72km, and 144k^3m^524km,144k^7m^9
11.1%
36w^3x^2y^2, 108w^4y^2, and 756xy^436y^2,756w^4x^2y^4
11.1%
7s^3t^3, 14t^4, and 21s^2t^77t^3,21s^3t^7
0%
32s^3t^5u^6, 48s^9t^8u^7, and 64t^13u^616t^5u^6,384s^9t^8u^7
0%

You're not logged in!

Compare scores with friends on all Sporcle quizzes.
Join for Free
OR
Log In

You Might Also Like...

Show Comments

Extras

Top Quizzes Today


Score Distribution

Your Account Isn't Verified!

In order to create a playlist on Sporcle, you need to verify the email address you used during registration. Go to your Sporcle Settings to finish the process.

Report this User

Report this user for behavior that violates our Community Guidelines.

Details: